<?xml version="1.0" encoding="UTF-8"?>
<record
    xmlns:xsi="http://www.w3.org/2001/XMLSchema-instance"
    xsi:schemaLocation="http://www.loc.gov/MARC21/slim http://www.loc.gov/standards/marcxml/schema/MARC21slim.xsd"
    xmlns="http://www.loc.gov/MARC21/slim">

  <leader>02314njm a2200385Ia 4500</leader>
  <controlfield tag="001">C4191</controlfield>
  <controlfield tag="003">IT-RoPAU</controlfield>
  <controlfield tag="005">20220918181117.0</controlfield>
  <controlfield tag="008">131025s9999    xx            000 0 und d</controlfield>
  <datafield tag="040" ind1=" " ind2=" ">
    <subfield code="a">IT-RoPAU</subfield>
  </datafield>
  <datafield tag="040" ind1=" " ind2=" ">
    <subfield code="c">IT-RoPAU</subfield>
  </datafield>
  <datafield tag="041" ind1=" " ind2=" ">
    <subfield code="a">ITALIANO</subfield>
  </datafield>
  <datafield tag="999" ind1=" " ind2=" ">
    <subfield code="c">99472</subfield>
    <subfield code="d">99472</subfield>
  </datafield>
  <datafield tag="999" ind1=" " ind2=" ">
    <subfield code="b">n.d.</subfield>
  </datafield>
  <datafield tag="100" ind1=" " ind2=" ">
    <subfield code="a">AA.VV.</subfield>
    <subfield code="9">794</subfield>
  </datafield>
  <datafield tag="100" ind1=" " ind2=" ">
    <subfield code="e">Autore musica</subfield>
    <subfield code="9">29931</subfield>
  </datafield>
  <datafield tag="100" ind1=" " ind2=" ">
    <subfield code="g">Codice autore musica SPICS: 12000</subfield>
    <subfield code="9">796</subfield>
  </datafield>
  <datafield tag="245" ind1=" " ind2=" ">
    <subfield code="a">Sulle orme di Paolo</subfield>
  </datafield>
  <datafield tag="250" ind1=" " ind2=" ">
    <subfield code="a">1a ed.</subfield>
  </datafield>
  <datafield tag="260" ind1=" " ind2=" ">
    <subfield code="a">ALBANO</subfield>
  </datafield>
  <datafield tag="260" ind1=" " ind2=" ">
    <subfield code="b">EP - MUSICALI E DISCOGRAFICHE</subfield>
    <subfield code="c">1994 [1a Ed.:1994 - Ed. Lingua Orig.: 1994]</subfield>
  </datafield>
  <datafield tag="300" ind1=" " ind2=" ">
    <subfield code="a">MUSICASSETTA</subfield>
  </datafield>
  <datafield tag="300" ind1=" " ind2=" ">
    <subfield code="c">46 minuti (Testo: 0 pag.)</subfield>
  </datafield>
  <datafield tag="500" ind1=" " ind2=" ">
    <subfield code="a">Musica religiosa. Canti vocazionali.</subfield>
  </datafield>
  <datafield tag="505" ind1=" " ind2=" ">
    <subfield code="a">Saulo Paulo [(Mazzilli Stefano) (4:00)] - Uomo nuovo diventerai [(Auricchio Paolo) (5:00)] - Nel buio la tua luce [(Damonte Cristina) (5:00)] - Io sar&#xF2; con te [(Fanelli Pino) (3:00)] - La vostra gioia [(Cori Piera) (3:00)] - Chi ci separer&#xE0; [(Comi Pierangelo) (4:00)] - Inno all'amore [(Cori Piera) (5:00)] - Nessun uomo [(Comi Pierangelo) (4:00)] - Il suo amore dentro di voi [(Troncossi Patrizia) (5:00)] - Corri verso Cristo [(Fanelli Pino) (4:00)] - Cristo vive in noi [(Migani Paolo) (4:00)]</subfield>
  </datafield>
  <datafield tag="650" ind1=" " ind2=" ">
    <subfield code="a">VOCAZIONALE [CASSETTE]</subfield>
    <subfield code="e">Codice MATERIA SPICS: 9951</subfield>
    <subfield code="9">25692</subfield>
  </datafield>
  <datafield tag="700" ind1=" " ind2=" ">
    <subfield code="a">Mazzilli Stefano</subfield>
    <subfield code="d">Codice autore testo/musica SPICS: 35357</subfield>
    <subfield code="e">Autore testo/musica</subfield>
    <subfield code="p">Saulo Paulo</subfield>
    <subfield code="9">29932</subfield>
  </datafield>
  <datafield tag="700" ind1=" " ind2=" ">
    <subfield code="a">Auricchio Paolo</subfield>
    <subfield code="d">Codice autore testo/musica SPICS: 35407</subfield>
    <subfield code="e">Autore testo/musica</subfield>
    <subfield code="p">Uomo nuovo diventerai</subfield>
    <subfield code="9">29933</subfield>
  </datafield>
  <datafield tag="700" ind1=" " ind2=" ">
    <subfield code="a">Damonte Cristina</subfield>
    <subfield code="d">Codice autore testo/musica SPICS: 41041</subfield>
    <subfield code="e">Autore testo/musica</subfield>
    <subfield code="p">Nel buio la tua luce</subfield>
    <subfield code="9">29934</subfield>
  </datafield>
  <datafield tag="700" ind1=" " ind2=" ">
    <subfield code="a">Fanelli Pino</subfield>
    <subfield code="d">Codice autore testo/musica SPICS: 27268</subfield>
    <subfield code="e">Autore testo/musica</subfield>
    <subfield code="p">Io sar&#xF2; con te - Corri verso Cristo</subfield>
    <subfield code="9">29935</subfield>
  </datafield>
  <datafield tag="700" ind1=" " ind2=" ">
    <subfield code="a">Cori Piera</subfield>
    <subfield code="d">Codice autore testo/musica SPICS: 11298</subfield>
    <subfield code="e">Autore testo/musica</subfield>
    <subfield code="p">La vostra gioia - Inno all'amore</subfield>
    <subfield code="9">29936</subfield>
  </datafield>
  <datafield tag="700" ind1=" " ind2=" ">
    <subfield code="a">Comi Pierangelo</subfield>
    <subfield code="d">Codice autore testo/musica SPICS: 10834</subfield>
    <subfield code="e">Autore testo/musica</subfield>
    <subfield code="p">Chi ci separer&#xE0; - Nessun uomo</subfield>
    <subfield code="9">29937</subfield>
  </datafield>
  <datafield tag="700" ind1=" " ind2=" ">
    <subfield code="a">Troncossi Patrizia</subfield>
    <subfield code="d">Codice autore testo/musica SPICS: 35399</subfield>
    <subfield code="e">Autore testo/musica</subfield>
    <subfield code="p">Il suo amore dentro di voi</subfield>
    <subfield code="9">29938</subfield>
  </datafield>
  <datafield tag="700" ind1=" " ind2=" ">
    <subfield code="a">Migani Paolo</subfield>
    <subfield code="d">Codice autore testo/musica SPICS: 23925</subfield>
    <subfield code="e">Autore testo/musica</subfield>
    <subfield code="p">Cristo vive in noi</subfield>
    <subfield code="9">29939</subfield>
  </datafield>
  <datafield tag="942" ind1=" " ind2=" ">
    <subfield code="c">MC</subfield>
    <subfield code="2">ddc</subfield>
  </datafield>
  <datafield tag="952" ind1=" " ind2=" ">
    <subfield code="0">0</subfield>
    <subfield code="1">0</subfield>
    <subfield code="4">0</subfield>
    <subfield code="6">C_4191_000000000000000</subfield>
    <subfield code="7">1</subfield>
    <subfield code="a">SPICS</subfield>
    <subfield code="b">SPICS</subfield>
    <subfield code="d">2013-10-25</subfield>
    <subfield code="l">0</subfield>
    <subfield code="o">C4191</subfield>
    <subfield code="r">2013-10-25 00:00:00</subfield>
    <subfield code="w">2013-10-25</subfield>
    <subfield code="y">MC</subfield>
    <subfield code="z">Progr. Ins.: 1212 / N.Vol.: 1 / Copie: 1 - Copia rara: n.d. / date import: 01.01.2014 - By Epidotti, Trombetti, Vaglietti</subfield>
  </datafield>
</record>
